Science and technology / (Record no. 13130)

MARC details
000 -LEADER
fixed length control field 05611nam a22006617a 4500
001 - CONTROL NUMBER
control field B-261442-474
003 - CONTROL NUMBER IDENTIFIER
control field dpl
005 - DATE AND TIME OF LATEST TRANSACTION
control field 20080602112520.0
008 - FIXED-LENGTH DATA ELEMENTS--GENERAL INFORMATION
fixed length control field 080602t xxu||||| |||| 00| 0 eng d
010 ## - LIBRARY OF CONGRESS CONTROL NUMBER
LC control number B-261442-474
020 ## - INTERNATIONAL STANDARD BOOK NUMBER
International Standard Book Number 8188370967
Terms of availability 115.00
035 ## - SYSTEM CONTROL NUMBER
System control number B-261442-474
037 ## - SOURCE OF ACQUISITION
Stock number 4044 dt/ 21.4.2008
Source of stock number/acquisition Goodwill Pub. House/21.4.08/11/8.4.08/19.5.08/115.00/
040 ## - CATALOGING SOURCE
Original cataloging agency DPL
Language of cataloging ENG
082 ## - DEWEY DECIMAL CLASSIFICATION NUMBER
Classification number 500
100 ## - MAIN ENTRY--PERSONAL NAME
Personal name White, Kay
245 ## - TITLE STATEMENT
Title Science and technology /
Statement of responsibility, etc by Kay White; edited by Rekha Gupta
260 ## - PUBLICATION, DISTRIBUTION, ETC. (IMPRINT)
Place of publication, distribution, etc New Delhi
Name of publisher, distributor, etc Young Learner Publications
Date of publication, distribution, etc (200?)
300 ## - PHYSICAL DESCRIPTION
Extent 48p.:
Other physical details col. photos
Dimensions 27cm.(Hb)
490 ## - SERIES STATEMENT
Series statement Children's reference encyclopedia
700 ## - ADDED ENTRY--PERSONAL NAME
Personal name Gupta, Rekha
942 ## - ADDED ENTRY ELEMENTS (KOHA)
Source of classification or shelving scheme Dewey Decimal Classification
Koha item type Children Books
Classification part 500
Call number suffix WHI
Holdings
Withdrawn status Lost status Source of classification or shelving scheme Damaged status Not for loan Collection code Home library Current library Date acquired Source of acquisition Cost, normal purchase price Total Checkouts Full call number Barcode Date last seen Copy number Cost, replacement price Price effective from Koha item type Public note Total Renewals Date checked out
Withdrawn         Non-fiction Andrews Gunj Andrews Gunj 24/06/2008   115.00   500 / WHI B-261457 15/09/2008 1 115.00 15/09/2008 Children Books      
          Non-fiction Bagh Kadhe Khan Bagh Kadhe Khan 24/06/2008   115.00   500 / WHI B-261463 15/09/2008 1 115.00 15/09/2008 Children Books      
          Non-fiction Bawana Bawana 24/06/2008   115.00   500 / WHI B-261465 15/09/2008 1 115.00 15/09/2008 Children Books      
          Non-fiction Central Jail Tihar Central Jail Tihar 24/06/2008   115.00   500 / WHI B-261452 15/09/2008 1 115.00 15/09/2008 Children Books      
          Non-fiction Central Library Central Library 24/06/2008   115.00   500 / WHI B-261447 15/09/2008 1 115.00 15/09/2008 Children Books      
          Non-fiction Diz Area Diz Area 24/06/2008   115.00   500 / WHI B-261453 15/09/2008 1 115.00 15/09/2008 Children Books      
          Non-fiction Jagrati Enclave Jagrati Enclave 24/06/2008   115.00   500 / WHI B-261472 15/09/2008 1 115.00 15/09/2008 Children Books      
          Non-fiction Jor Bagh (Children Lib) Jor Bagh (Children Lib) 24/06/2008   115.00   500 / WHI B-261459 15/09/2008 1 115.00 15/09/2008 Children Books      
          Non-fiction Kadipur Kadipur 24/06/2008   115.00   500 / WHI B-261468 15/09/2008 1 115.00 15/09/2008 Children Books      
          Non-fiction Karol Bagh Karol Bagh 24/06/2008   115.00   500 / WHI B-261461 15/09/2008 1 115.00 15/09/2008 Children Books      
          Non-fiction Kasturba Gandhi Marg Kasturba Gandhi Marg 24/06/2008   115.00   500 / WHI B-261449 15/09/2008 1 115.00 15/09/2008 Children Books      
          Non-fiction Katevara Katevara 24/06/2008   115.00   500 / WHI B-261466 15/09/2008 1 115.00 15/09/2008 Children Books      
Withdrawn   Dewey Decimal Classification     Non-fiction Mobile Library Mobile Library 02/06/2008 Goodwill Pub. House/21.4.08/11/8.4.08/19.5.08/115.00/ 115.00   500 / WHI B-261442 15/09/2008 4 115.00 15/09/2008 Children Books      
          Non-fiction Mobile Library Mobile Library 24/06/2008   115.00   500 / WHI B-261443 15/09/2008 4 115.00 15/09/2008 Children Books      
          Non-fiction Mobile Library Mobile Library 24/06/2008   115.00   500 / WHI B-261444 15/09/2008 4 115.00 15/09/2008 Children Books      
          Non-fiction Mobile Library Mobile Library 24/06/2008   115.00   500 / WHI B-261445 15/09/2008 4 115.00 15/09/2008 Children Books      
          Non-fiction Mundaka Mundaka 24/06/2008   115.00   500 / WHI B-261467 15/09/2008 1 115.00 15/09/2008 Children Books      
Written off         Non-fiction Narela Narela 24/06/2008   115.00   500 / WHI B-261464 15/09/2008 1 115.00 15/09/2008 Children Books Written off on approval by DLB (By Circulation); dtd 20.12.2022    
          Non-fiction Netaji Nagar Netaji Nagar 24/06/2008   115.00   500 / WHI B-261460 15/09/2008 1 115.00 15/09/2008 Children Books      
          Non-fiction New Police Line New Police Line 24/06/2008   115.00   500 / WHI B-261446 15/09/2008 1 115.00 15/09/2008 Children Books      
          Non-fiction New Rajendra Nagar New Rajendra Nagar 24/06/2008   115.00   500 / WHI B-261454 15/09/2008 1 115.00 15/09/2008 Children Books      
          Non-fiction New Rohtak Road New Rohtak Road 24/06/2008   115.00   500 / WHI B-261462 15/09/2008 1 115.00 15/09/2008 Children Books      
          Non-fiction Patel Nagar Patel Nagar 24/06/2008   115.00   500 / WHI B-261448 15/09/2008 1 115.00 15/09/2008 Children Books      
          Non-fiction Peshwa Road Peshwa Road 24/06/2008   115.00   500 / WHI B-261450 15/09/2008 1 115.00 15/09/2008 Children Books      
    Dewey Decimal Classification     Non-fiction R.C.Libraries (zls) R.C.Libraries (zls) 24/06/2008   115.00   500 / WHI B-261473 15/09/2008 2 115.00 15/09/2008 Children Books      
Withdrawn         Non-fiction R.C.Libraries (zls) R.C.Libraries (zls) 24/06/2008   115.00   500 / WHI B-261474 15/09/2008 2 115.00 15/09/2008 Children Books      
          Non-fiction R.K.Puram-8 R.K.Puram-8 24/06/2008   115.00   500 / WHI b-261456 15/09/2008 1 115.00 15/09/2008 Children Books      
          Non-fiction Sarojini Nagar Sarojini Nagar 24/06/2008   115.00   500 / WHI B-261455 15/09/2008 1 115.00 15/09/2008 Children Books      
Withdrawn   Dewey Decimal Classification     Non-fiction Shahdara Branch Shahdara Branch 24/06/2008   115.00   500 / WHI B-261469 15/09/2008 1 115.00 15/09/2008 Children Books      
          Non-fiction Sriniwas Puri Sriniwas Puri 24/06/2008   115.00   500 / WHI B-261458 15/09/2008 1 115.00 15/09/2008 Children Books      
Written off   Dewey Decimal Classification     Non-fiction Tri Nagar Tri Nagar 24/06/2008   115.00   500 / WHI B-261451 15/09/2008 1 115.00 15/09/2008 Children Books      
          Non-fiction Vigyan Vihar Vigyan Vihar 24/06/2008   115.00 1 500 / WHI B-261471 15/04/2021 1 115.00 15/09/2008 Children Books   2 05/03/2021
          Non-fiction Vinoba Puri Vinoba Puri 12/08/2008 Goodwill/ 4327/23.07.08/129/21.0708/ 115.00 36 500 WHI B-283167 11/03/2016 1 115.00 15/09/2008 Children Books   3 26/02/2016
          Non-fiction Yojana Vihar Yojana Vihar 24/06/2008   115.00   500 / WHI B-261470 15/09/2008 1 115.00 15/09/2008 Children Books      

© Delhi Public Library
Hit Counter
free hit counter